000 00663nam a2200181Ia 4500
008 100920s9999 xx 000 0 und d
082 _b53669
_a37 थ 87
100 _aगोखले श्री. पु .
245 _aइलेक्ट्रिक वायरिंग.
260 _bआशिष एजन्सीज,पुणे.
_c1987
300 _a176
_bसाधी
365 _b25
520 _aुउदयोजक विभाग.
630 _aइलेक्ट्रिक वायरिंग.
650 _aुउदयोजक विभाग.
730 _aइलेक्ट्रिक वायरिंग.
942 _cBOOK
999 _c698666
_d698663